000 00453nam a2200157 i 4500
001 20233
003 ES-MaACL
005 20230906152247.0
007 t|
008 021108s1964 sp ||||1| spa d
100 1 _aAguirre, José Fernando.
_918824
245 1 4 _aLas guerras de la postguerra /
_cJosé Fernando Aguirre.
260 _aBarcelona :
_bArgos,
_c[1964]
300 _a542 p., 3 lám. :
_bil. ;
_c35 cm.
852 _aES-MaACL
_jC-29027
_bR.60231
999 _c20233
_d20233